Science Quiz

Random Science Quiz

Fruits vs Vegetables Quiz Stats

 Plays Quiz not verified by Sporcle

Score 0/34 Timer 10:00
0 Plays Today
% Correct
66.7%
taproot
33.3%
Ovary that contains seeds
0%
Parts of the plant that doesn't contain seeds
0%
Brassica oleracea
0%
Brassica campestris
0%
dithiolthiones
0%
Mediterranean
0%
Chenopodiaceae
0%
Beta vulgaris
0%
Chenopodium quinoa
0%
Spinacia oleracea
0%
West Asia
0%
South America
0%
Petiole
0%
Apium graveolens
0%
Daucus carota
0%
Pastinaca sativa
0%
sulphides
0%
Allium cepa
0%
Allium sativum
0%
Allium porrum
0%
Afghanistan
0%
Middle East
0%
Mediterranean
0%
% Correct
Eurasia and northern North America
0%
Hand
0%
Cucurbitaceae
0%
Solanaceae
0%
Accessory organ
0%
fruits that don't split open
0%
middle
0%
fruit wall develops from ovary wall
0%
berry with tough leathery rind
0%
fleshy fruit surrounding a seed
0%
fruit with flowering plants
0%
citrus berry with leathery rind
0%
Solanaceae
0%
Solanum tuberosum
0%
Lycopersicon esculentum
0%
Capsicum
0%
Solanaceae
0%
Central and South America
0%
Solanum melongena
0%
Pineapple and Papaya
0%
Juglandaceae
0%
Juglans regia
0%
Juglans cinerea
0%
Carya illinoiensis
0%

You're not logged in!

Compare scores with friends on all Sporcle quizzes.
OR
Log In

Show Comments

Extras

Created Mar 15, 2012ReportNominate
Tags:fruit, vegetable

Top Quizzes Today


Score Distribution

Your Account Isn't Verified!

In order to create a playlist on Sporcle, you need to verify the email address you used during registration. Go to your Sporcle Settings to finish the process.

Report this User

Report this user for behavior that violates our Community Guidelines.

Details: